000 00596nam a2200193Ia 4500
008 120823t2005 xxu||||| |||| 00| 0 eng d
041 _aeng
080 _a8-31 (Indian)
_bCOR
100 _aCorbett,Jim
245 _aඉන්දියානු දිළින්දන්ගේ කතන්දර
246 _aIndiyanu Dilindange Kathandara
260 _aSooriya
_aColombo
_c2005
300 _b253p, 21 cm
500 _aSinhalese Translation of Jim Corbett's of My India
700 _aWijayasriwardhena,Vibhavi
942 _cBK
999 _c42787
_d42787
003 LK-CoDNM
040 _aLK-CoDNM
_dLK-CoDNM
_eLK-CoDNM